000 00346 a2200157 4500
001 58547
020 _a
040 _cAnchieta - Pituba
100 _aCarbonieri, Mafra
240 1 0 _aO moderno conto brasileiro
_lpor
245 1 0 _aO moderno conto brasileiro
300 _a167
362 0 _a1986
650 4 _aFicção brasileira
942 _cBK
999 _c58547
_d58547